00314nam a2200121Ia 4500008004100000082001700041100001400058245004300072250000800115260004300123300001000166650001600176191201s2005 xx 000 0 und d a621.381bGAD aGAUR, R K 0aDigital Electronics and Microcomputers a4th aN.DelhibDhanpat Rai Pub (P) Ltdc2005 a14.43 aB.Tech(ECE)